|
|
|
|
| LEADER |
01536nam a22003137a 4500 |
| 001 |
40675 |
| 003 |
BD-DhAAL |
| 005 |
20241111100521.0 |
| 008 |
230119r20192008bg ||||| b||| 00| 0 ben d |
| 020 |
|
|
|a 9844081289
|
| 040 |
|
|
|a BD-DhAAL
|c BD-DhAAL
|
| 041 |
|
|
|a ben
|
| 082 |
|
|
|a 891.44
|2 23
|
| 100 |
|
|
|a ছফা, আহমদ.
|
| 245 |
|
|
|a আহমদ ছফা রচনাবলি.
|n [ষষ্ঠ খণ্ড] /
|b আহমদ ছফা ; সম্পাদক নূরুল আনোয়ার.
|
| 260 |
|
|
|a ঢাকা :
|b খান ব্রাদার্স,
|c ২০০৮ [চতুর্থ মুদ্রণ ২০১৯].
|
| 300 |
|
|
|a ৫৪২ পৃষ্ঠা ;
|c ২২ সে.মি.
|
| 362 |
|
|
|a Vol. 6
|
| 504 |
|
|
|a গ্রন্থপঞ্জিগত নির্দেশিকা অন্তর্ভুক্ত।
|
| 541 |
|
|
|a Development Book Agency
|e 40675, 40676
|
| 650 |
|
|
|a Bengali essays.
|
| 650 |
|
|
|a Bengali fiction.
|
| 650 |
|
|
|a Bengali literature.
|
| 700 |
|
|
|a আনোয়ার, নূরুল.
|9 53395
|
| 852 |
|
|
|a Ayesha Abed Library
|c General Stacks
|
| 942 |
|
|
|2 ddc
|c BK
|
| 999 |
|
|
|c 45332
|d 45332
|
| 952 |
|
|
|0 0
|1 0
|2 ddc
|4 0
|6 891_440000000000000_SOF
|7 0
|9 72754
|a SCL
|b SCL
|c GEN
|d 2023-01-05
|e Development Book Agency
|g 425.00
|l 0
|o 891.44 SOF
|p 3020040675
|r 2023-01-05
|t 1
|v 425.00
|w 2023-01-05
|y BK
|
| 952 |
|
|
|0 0
|1 0
|2 ddc
|4 0
|6 891_440000000000000_SOF
|7 0
|9 72755
|a SCL
|b SCL
|c GEN
|d 2023-01-05
|e Development Book Agency
|g 425.00
|l 0
|o 891.44 SOF
|p 3020040674
|r 2023-01-05
|t 2
|v 425.00
|w 2023-01-05
|y BK
|